Agrarian change, agrarian tensions peasant movements and organizations in Uttar Pradesh (Record no. 10463)

MARC details
000 -LEADER
fixed length control field 00560nam a2200169Ia 4500
082 ## - DEWEY DECIMAL CLASSIFICATION NUMBER
Classification number RS.0213
100 ## - MAIN ENTRY--AUTHOR NAME
Personal name Shrimali, P.D.
245 #0 - TITLE STATEMENT
Title Agrarian change, agrarian tensions peasant movements and organizations in Uttar Pradesh
260 ## - PUBLICATION, DISTRIBUTION, ETC. (IMPRINT)
Year of publication 1981
Name of publisher ICSSR, New Delhi
300 ## - PHYSICAL DESCRIPTION
Number of Pages 435p.
650 ## - SUBJECT ADDED ENTRY--TOPICAL TERM
Topical Term PEASANT UPRISINGS - UTTAR PRADESH
650 ## - SUBJECT ADDED ENTRY--TOPICAL TERM
Topical Term AGRICULTURAL SOCIETIES - UTTAR PRADESH
650 ## - SUBJECT ADDED ENTRY--TOPICAL TERM
Topical Term PEASANTRY SOCIETIES - UTTAR PRADESH
650 ## - SUBJECT ADDED ENTRY--TOPICAL TERM
Topical Term AGRICULTURAL LAWS AND LEGISLATION - UTTAR PRADESH
710 ## - ADDED ENTRY--CORPORATE NAME
Corporate name or jurisdiction name as entry element University of Lucknow
942 ## - ADDED ENTRY ELEMENTS (KOHA)
Koha item type Research Reports
Source of classification or shelving scheme Dewey Decimal Classification
Holdings
Withdrawn status Lost status Damaged status Not for loan Collection code Home library Current library Date acquired Bill Date Full call number Accession Number Price effective from Koha item type
      Not For Loan ICSSR Research Project Reports NASSDOC Library NASSDOC Library 08/10/2004 2004-10-22 RS.0213 16617 18/04/2019 Research Reports